A paleolit étrend ajánlásai

Bibliographic Details
Main Author: Dudok Adrienn
Other Authors: Kádas Dr. Lajos
Format: Thesis
Kulcsszavak:paleolit életmód
paleo
alternatív irányzat
paleolit étrend
paleo életmód
Online Access:http://dolgozattar.uni-bge.hu/4712

MARC

LEADER 00000nta a2200000 i 4500
001 dolg4712
005 20160204101311.0
008 151214suuuu hu om 000 hun d
040 |a BGE Dolgozattár Repozitórium  |b hun 
041 |a hu 
100 1 |a Dudok Adrienn 
245 1 2 |a A paleolit étrend ajánlásai  |c Dudok Adrienn  |h [elektronikus dokumentum] 
695 |a paleolit életmód 
695 |a paleo 
695 |a alternatív irányzat 
695 |a paleolit étrend 
695 |a paleo életmód 
700 1 |a Kádas Dr. Lajos  |e ths 
856 4 0 |u http://dolgozattar.uni-bge.hu/4712/1/A%20paleolit%20%C3%A9trend%20aj%C3%A1nl%C3%A1sai.pdf  |z Dokumentum-elérés